Základy trenažérského výcviku /

Hlavní autor: Malach, Antonín, 1926-2023
Další autoři: Císař, Václav, 1927-
Jazyk: Čeština
Vydáno: Praha : Státní pedagogické nakladatelství, 1987
Vydání: 2. vyd.
Edice: Odborná literatura pro učitele
Témata:
Externí odkaz: Digitalizovaný dokument
Fyzický popis: 215 s., barev. obr. příl. : il.
Language note: Vícejazyčné resumé
Knihy
Uloženo v:
LEADER 01458nam a22003612a 4500
001 000308667
003 CZ BrMZK
005 20061127103539.0
007 ta
008 980107s1987 xr af f cze d
015 |a cnb000038502 
035 |a (OCoLC)39432739 
040 |a BOA001  |b cze 
041 0 |a cze  |b mul 
080 |a 377.169.3  |2 MRF 
100 1 |a Malach, Antonín,  |d 1926-2023  |7 mzk2003171414  |4 aut 
245 1 0 |a Základy trenažérského výcviku /  |c Antonín Malach, Václav Císař 
250 |a 2. vyd. 
260 |a Praha :  |b Státní pedagogické nakladatelství,  |c 1987 
300 |a 215 s., barev. obr. příl. :  |b il. 
490 1 |a Odborná literatura pro učitele 
504 |a Obsahuje bibliografii 
546 |a Vícejazyčné resumé 
700 1 |a Císař, Václav,  |d 1927-  |7 jk01020771  |4 aut 
830 0 |a Odborná literatura pro učitele  |0 s 
856 4 1 |u http://www.digitalniknihovna.cz/mzk/uuid/uuid:44827f10-8adb-11e2-8593-005056827e52  |y Digitalizovaný dokument  |x NDK 
910 |a BOA001  |b PK-0106.446  |b TK-0235.734  |b 2-0928.400 
920 |a 000227827 
964 |a Trenažéry - užití - příručky 
990 |a BK 
996 6 |b 2619335101  |c 2-0928.400  |l MZK  |r Sklad / do 1 hodiny  |n 0  |w 000308667  |u 000030  |a 1  |e BOA001  |j MZK50  |s P 
996 7 |b 2629996651  |c TK-0235.734  |l MZK  |r Sklad / do 24 hodin  |n 0  |w 000308667  |u 000020  |a 1  |e BOA001  |j MZK50  |s A 
996 7 |b 3119924363  |c PK-0106.446  |l MZK  |r Sklad / do 1 hodiny  |n 2  |w 000308667  |u 000010  |a 1  |e BOA001  |j MZK50  |s A